Общества с ограниченной ответственностью: правовое положение (Запись № 102023)

Подробности
000 -МАРКЕР
контрольное поле 02259nam0a2200361 4500
001 - ИДЕНТИФИКАТОР ЗАПИСИ
контрольное поле RU\NLR\bibl\22541
005 - ИДЕНТИФИКАТОР ВЕРСИИ
контрольное поле 20260405223940.0
010 ## - МЕЖДУНАРОДНЫЙ СТАНДАРТНЫЙ НОМЕР КНИГИ (ISBN)
Номер (ISBN) 5-89123-277-4
Уточнения НОРМА
010 ## - МЕЖДУНАРОДНЫЙ СТАНДАРТНЫЙ НОМЕР КНИГИ (ISBN)
Номер (ISBN) 5-86225-887-6
Уточнения ИНФРА.М
Тираж 12000
021 ## - НОМЕР ГОСУДАРСТВЕННОЙ РЕГИСТРАЦИИ
Код страны Российская Федерация
Номер 99-3032
Номер Листа государственной регистраци 143
035 ## - ДРУГИЕ СИСТЕМНЫЕ НОМЕРА
Идентификатор записи (NLR Aleph) 000021962
100 ## - ДАННЫЕ ОБЩЕЙ ОБРАБОТКИ
Данные общей обработки 19990415d1999 |||y0rusy50 ca
101 0# - ЯЗЫК РЕСУРСА
Язык текста, звукозаписи и т.д. русский
102 ## - СТРАНА ПУБЛИКАЦИИ ИЛИ ПРОИЗВОДСТВА
Страна публикации Российская Федерация
105 ## - ПОЛЕ КОДИРОВАННЫХ ДАННЫХ: ТЕКСТОВЫЕ МАТЕРИАЛЫ, МОНОГРАФИЧЕСКИЕ
Кодированные данные о монографическом текстовом документе a |||||||||
200 1# - ЗАГЛАВИЕ И СВЕДЕНИЯ ОБ ОТВЕТСТВЕННОСТИ
Основное заглавие Общества с ограниченной ответственностью: правовое положение
Сведения, относящиеся к заглавию Практ. коммент. Законы и др. правовые акты. Образцы документов
Первые сведения об ответственности К.П. Беляев, В.А. Горлов, В.А. Захаров
Последующие сведения об ответственности Исслед. центр. част. права при Президенте Рос. Федерации
210 ## - ПУБЛИКАЦИЯ, РАСПРОСТРАНЕНИЕ И ДР.
Место издания, распространения и т.д. М.
Имя издателя, распространителя и т. д. Изд. гр. НОРМА-ИНФРА.М
Дата издания, распространения и т.д. 1999
215 ## - ФИЗИЧЕСКАЯ ХАРАКТЕРИСТИКА
Специфическое обозначение материала и объем ХI,[1],225 с.
Размеры 21
225 1# - СЕРИЯ
Основное заглавие серии Серия "Гражданский кодекс в действии: комментарии, практика и проблемы"
300 ## - ОБЩИЕ ПРИМЕЧАНИЯ
Текст примечания На V с. авт.: преподаватели К.П. Беляев, В.А. Горлов, к.ю.н., В.А. Захаров
320 ## - ПРИМЕЧАНИЯ О НАЛИЧИИ В ДОКУМЕНТЕ БИБЛИОГРАФИИ / УКАЗАТЕЛЯ
Текст примечания Библиогр. в подстроч. прим.
606 0# - НАИМЕНОВАНИЕ ТЕМЫ КАК ПРЕДМЕТ
Наименование темы Общества с ограниченной ответственностью
Формальный подзаголовок Законы, постановления и т.п.
Географический подзаголовок Российская Федерация
Системный номер авторитетной/нормативной записи 2078594
Идентификатор авторитетной/нормативной записи RU\NLR\auth\661254456
606 0# - НАИМЕНОВАНИЕ ТЕМЫ КАК ПРЕДМЕТ
Наименование темы Общества с ограниченной ответственностью
Формальный подзаголовок Законодательные материалы
Географический подзаголовок Российская Федерация
Системный номер авторитетной/нормативной записи 2078594
Идентификатор авторитетной/нормативной записи RU\NLR\auth\661254456
686 ## - ИНДЕКСЫ ДРУГИХ КЛАССИФИКАЦИЙ
Индекс Х623.012.08
700 #1 - ИМЯ ЛИЦА - ПЕРВИЧНАЯ ОТВЕТСТВЕННОСТЬ
Код отношения Автор
Графика поля Кириллица
Материалы, к которым относится поле rus
Начальный элемент ввода Беляев
Часть имени, кроме начального элемента ввода К. П.
Дополнения к именам, кроме дат юрист
Расширение инициалов личного имени Константин Петрович
Системный номер авторитетной/нормативной записи 85009
Идентификатор авторитетной/нормативной записи RU\NLR\auth\77102083
701 #1 - ИМЯ ЛИЦА - АЛЬТЕРНАТИВНАЯ ОТВЕТСТВЕННОСТЬ
Начальный элемент ввода Горлов
Часть имени, кроме начального элемента ввода В. А.
Расширение инициалов личного имени Валентин Александрович
Код отношения Автор
701 #1 - ИМЯ ЛИЦА - АЛЬТЕРНАТИВНАЯ ОТВЕТСТВЕННОСТЬ
Код отношения Автор
Графика поля Кириллица
Материалы, к которым относится поле rus
Начальный элемент ввода Захаров
Часть имени, кроме начального элемента ввода В. А.
Дополнения к именам, кроме дат канд. юрид. наук
Расширение инициалов личного имени Владимир Александрович
Системный номер авторитетной/нормативной записи 27287
Идентификатор авторитетной/нормативной записи RU\NLR\auth\7744346
801 #0 - ИСТОЧНИК ЗАПИСИ
Страна Российская Федерация
Организация NLR
Дата составления 19990415
Правила каталогизации PSBO
801 #1 - ИСТОЧНИК ЗАПИСИ
Страна Российская Федерация
Организация NLR
Дата составления 19990415
852 ## - МЕСТОНАХОЖДЕНИЕ И ШИФР ХРАНЕНИЯ
Идентификатор организации NLR
Шифр хранения (Call Number) 99-3/1637
942 ## - ДОПОЛНИТЕЛЬНЫЕ ЭЛЕМЕНТЫ ЗАПИСИ (АБИС)
Тип экземпляра АБИС Книга
980 ## - КОЛЛЕКЦИЯ
Название коллекции Национальная библиография
Экземпляры
Тип экземпляра Дата поступления Источник поступления Стоимость Библиотека постоянного хранения Библиотека текущего хранения Место хранения Штрих-код Статус экземпляра Шифр хранения
Книга 21.12.2004 Подсобные фонды РНБ 26.31 РНБ (Садовая) РНБ (Садовая) Макулатура 817109    
Книга 30.05.2006 Покупка 26.91 РНБ (Фонтанка) РНБ (Фонтанка) Юношеский читальный зал 1-701254   Ю Х62-3/Б-43